[Event "Druga liga Srbije grupa Vojvod"]
[Site "Sombor"]
[Date "2009.10.01"]
[Round "7.2"]
[White "Elez, Nikola"]
[Black "Munizaba, Slobodan"]
[Result "0-1"]
[WhiteElo "2179"]
[BlackElo "2339"]
[PlyCount "88"]
[EventDate "2009.09.27"]

1. e4 c5 2. b3 Nc6 3. Bb2 e5 4. Nf3 d6 5. Bc4 g6 6. Nc3 Bg7 7. Nd5 Nge7 8. O-O
O-O 9. h3 a6 10. a4 Nxd5 11. Bxd5 Ne7 12. Bc4 Bd7 13. a5 Bc6 14. d3 Qc7 15. Qe2
Rac8 16. Nd2 d5 17. exd5 Nxd5 18. Bxd5 Bxd5 19. Nc4 e4 20. Bxg7 Kxg7 21. Ne3
Bc6 22. Qd2 Qd6 23. Rad1 Rfd8 24. Qc1 Qf4 25. dxe4 Qxe4 26. Rxd8 Rxd8 27. Rd1
Rxd1+ 28. Qxd1 f5 29. c4 Kf7 30. Kf1 f4 31. Nd5 Bxd5 32. cxd5 Ke7 33. Qd2 Kd6
34. h4 Qd4 35. Qc2 Kxd5 36. h5 c4 37. hxg6 hxg6 38. Ke2 cxb3 39. Qxg6 b2 40.
Qf7+ Kc5 41. Qc7+ Kb4 42. Qxb7+ Ka3 43. Qh7 Qc4+ 44. Kf3 Ka2 0-1

[Event "Druga liga Srbije grupa Vojvod"]
[Site "Sombor"]
[Date "2009.10.01"]
[Round "7.2"]
[White "Krstic, Petar"]
[Black "Indjic, Aleksandar"]
[Result "1-0"]
[WhiteElo "2333"]
[BlackElo "2119"]
[PlyCount "83"]
[EventDate "2009.09.27"]

1. e4 d6 2. d4 Nf6 3. Nc3 e5 4. dxe5 dxe5 5. Qxd8+ Kxd8 6. f4 Bb4 7. Bd3 exf4
8. Bxf4 Be6 9. O-O-O Nbd7 10. Nb5 c6 11. Nc7 Rc8 12. Nxe6+ fxe6 13. Nf3 Nh5 14.
Bg5+ Kc7 15. Bc4 Rce8 16. Nd4 h6 17. Bh4 Nf8 18. Rhf1 g5 19. Rf7+ Re7 20. Rxe7+
Bxe7 21. Be1 Bd6 22. Bc3 Rh7 23. g3 Ng7 24. Rf1 Kb6 25. Nb3 a6 26. Rf7 Ne8 27.
Bxe6 Rxf7 28. Bxf7 Bxg3 29. hxg3 Nd6 30. Bb4 Nxf7 31. Bxf8 h5 32. Kd2 Ne5 33.
Bg7 Nc4+ 34. Kd3 Nd6 35. Bf6 Nf7 36. e5 h4 37. gxh4 gxh4 38. e6 h3 39. exf7 h2
40. f8=Q h1=Q 41. Qd8+ Ka7 42. Bd4+ 1-0

[Event "Druga liga Srbije grupa Vojvod"]
[Site "Sombor"]
[Date "2009.10.01"]
[Round "7.2"]
[White "Pezelj, Sinisa"]
[Black "Stajic, Petar"]
[Result "1/2-1/2"]
[WhiteElo "2057"]
[BlackElo "2193"]
[PlyCount "53"]
[EventDate "2009.09.27"]

1. Nf3 Nf6 2. c4 g6 3. Nc3 d5 4. e3 Bg7 5. d4 O-O 6. cxd5 Nxd5 7. Bc4 Nb6 8.
Bb3 c6 9. O-O Bg4 10. h3 Bxf3 11. Qxf3 e5 12. dxe5 Bxe5 13. Rd1 Qe7 14. e4 N8d7
15. Bh6 Bg7 16. Bxg7 Kxg7 17. Qd3 Rad8 18. Qd6 Qxd6 19. Rxd6 Nc5 20. Rad1 Rxd6
21. Rxd6 Nxb3 22. axb3 Re8 23. f3 Re7 24. Kf2 Rd7 25. Rxd7 Nxd7 26. Ke3 f6 27.
f4 1/2-1/2

[Event "Druga liga Srbije grupa Vojvod"]
[Site "Sombor"]
[Date "2009.10.01"]
[Round "7.2"]
[White "Zivkovic, Negosim"]
[Black "Subotic, Srbislav"]
[Result "1-0"]
[WhiteElo "2240"]
[BlackElo "2105"]
[PlyCount "145"]
[EventDate "2009.09.27"]

1. e4 e6 2. d4 d5 3. Nd2 dxe4 4. Nxe4 Nf6 5. Nxf6+ Qxf6 6. Nf3 h6 7. Bd3 Bd7 8.
Ne5 Bd6 9. Qe2 Bxe5 10. dxe5 Qe7 11. Bd2 Bc6 12. O-O-O Nd7 13. f4 O-O-O 14. Be3
Nb6 15. Qf2 g6 16. Bc5 Qe8 17. Rd2 Bb5 18. Rhd1 Qc6 19. Be7 Rxd3 20. Rxd3 Bxd3
21. Rxd3 Kb8 22. Bc5 Nc8 23. b3 b6 24. Ba3 a6 25. Qd2 Na7 26. Kb2 Kc8 27. Be7
a5 28. a4 Re8 29. Bd6 cxd6 30. Rc3 d5 31. Qf2 Kb7 32. Rxc6 Nxc6 33. Qh4 h5 34.
Qf6 Re7 35. c3 Rd7 36. Qh8 d4 37. Qe8 Kc7 38. cxd4 Nxd4 39. g3 Nc6 40. Kc3 Nb4
41. Kc4 Kc6 42. h3 Nd5 43. Qa8+ Rb7 44. Kd4 Nb4 45. Ke4 Nd5 46. g4 hxg4 47.
hxg4 Nc3+ 48. Kd4 Ne2+ 49. Ke3 Nc3 50. f5 gxf5 51. gxf5 exf5 52. Kf4 Ne4 53.
Qa6 Rd7 54. Kxf5 Nc5 55. Qb5+ Kc7 56. b4 Nb7 57. Qc4+ Kb8 58. Qc6 Rc7 59. Qxb6
axb4 60. a5 Rd7 61. a6 Ka8 62. Qxb4 Nd8 63. Qb6 Rd1 64. Kf4 Rd7 65. Kf5 Rd1 66.
Qc7 Rf1+ 67. Ke4 Re1+ 68. Kf3 Rd1 69. Ke2 Rd5 70. a7 Rb5 71. Qxd8+ Kxa7 72.
Qd4+ Kb7 73. Ke3 1-0

[Event "Druga liga Srbije grupa Vojvod"]
[Site "Sombor"]
[Date "2009.10.01"]
[Round "7.3"]
[White "Vlatkovic, Milos"]
[Black "Stanojevic, Branko"]
[Result "1/2-1/2"]
[WhiteElo "2302"]
[BlackElo "2285"]
[PlyCount "20"]
[EventDate "2009.09.27"]

1. d4 Nf6 2. c4 c5 3. d5 b5 4. a4 bxc4 5. Nc3 d6 6. e4 g6 7. Bxc4 Bg7 8. Nf3
O-O 9. O-O Ng4 10. a5 Nd7 1/2-1/2

[Event "Druga liga Srbije grupa Vojvod"]
[Site "Sombor"]
[Date "2009.10.01"]
[Round "7.4"]
[White "Svetushkin, Dmitry"]
[Black "Cirjanic, Velibor"]
[Result "1-0"]
[WhiteElo "2570"]
[BlackElo "2186"]
[PlyCount "99"]
[EventDate "2009.09.27"]

1. e4 c5 2. Nf3 d6 3. Bb5+ Nd7 4. O-O a6 5. Bxd7+ Bxd7 6. d4 cxd4 7. Qxd4 Nf6
8. Bg5 e5 9. Qd3 Be7 10. Nc3 Be6 11. Bxf6 Bxf6 12. Nd5 Bxd5 13. Qxd5 Qc7 14. c3
O-O 15. Rfd1 Rfd8 16. a4 Rac8 17. Rd2 Be7 18. Qb3 g6 19. Rad1 Kg7 20. Rd5 Kf8
21. h4 h6 22. h5 Kg7 23. g3 Rf8 24. Kg2 f5 25. Nxe5 gxh5 26. Nf3 fxe4 27. Nd4
Rf6 28. Rxh5 Qd7 29. Rd2 Rc5 30. Qd1 Qe8 31. Rh4 Re5 32. Nc2 Qxa4 33. Rd4 Qc6
34. Nb4 Qc5 35. Nd5 Rxd5 36. Rxd5 Qxf2+ 37. Kh3 e3 38. Re4 Kf8 39. Ra5 Rf3 40.
Qxf3+ Qxf3 41. Rf4+ Qxf4 42. gxf4 Kf7 43. Kg3 Ke6 44. Rh5 Bd8 45. Kf3 Bb6 46.
Rxh6+ Kd5 47. Rh7 Bc5 48. Rxb7 Kc4 49. Ke2 a5 50. f5 1-0

[Event "Druga liga Srbije grupa Vojvod"]
[Site "Sombor"]
[Date "2009.10.01"]
[Round "7.4"]
[White "Pavlovic, Nenad"]
[Black "Djuric, Stefan"]
[Result "1-0"]
[WhiteElo "2190"]
[BlackElo "2414"]
[PlyCount "107"]
[EventDate "2009.09.27"]

1. e4 c5 2. Nf3 g6 3. d4 Bg7 4. c3 cxd4 5. cxd4 d5 6. e5 Nc6 7. Be2 Bg4 8. Nc3
Bxf3 9. Bxf3 e6 10. Be3 Nge7 11. g4 f6 12. exf6 Bxf6 13. Qd2 h5 14. gxh5 gxh5
15. Qe2 Bxd4 16. Bxh5+ Kd7 17. Bg4 Bxe3 18. Qxe3 Qg8 19. f3 Rf8 20. O-O-O Nf5
21. Qc5 Qg5+ 22. Kb1 Qe7 23. Qb5 Kc8 24. Nxd5 Qh7 25. Nc3 Ne3+ 26. Ne4 Nxg4 27.
Ka1 Ne3 28. Rc1 Qc7 29. Nc5 Rxf3 30. Nxb7 Rf5 31. Nd6+ Kd7 32. Nxf5 Nxf5 33.
Rhd1+ Nd6 34. Rc2 Rf8 35. Rcd2 Rf5 36. Rxd6+ Qxd6 37. Rxd6+ Kxd6 38. Qd3+ Rd5
39. Qg3+ e5 40. a3 a5 41. Ka2 a4 42. h4 Nd4 43. h5 Nb3 44. Qg6+ Kc5 45. Qc2+
Kd4 46. h6 Rc5 47. Qxc5+ Nxc5 48. h7 e4 49. h8=Q+ Ke3 50. Qc3+ Nd3 51. b4 Ke2
52. b5 Ne1 53. Qc4+ Ke3 54. b6 1-0

[Event "Druga liga Srbije grupa Vojvod"]
[Site "Sombor"]
[Date "2009.10.01"]
[Round "7.4"]
[White "Nestorovic, Nikola"]
[Black "Kotrla, Sebastijan"]
[Result "1-0"]
[WhiteElo "2412"]
[BlackElo "2052"]
[PlyCount "37"]
[EventDate "2009.09.27"]

1. e4 c6 2. d4 d5 3. e5 c5 4. dxc5 e6 5. Be3 Qc7 6. Nc3 Nd7 7. Nf3 a6 8. Na4
Nxc5 9. Nxc5 Bxc5 10. Bxc5 Qxc5 11. c3 Ne7 12. Bd3 h6 13. O-O Bd7 14. Bc2 O-O
15. Qd3 Ng6 16. Rfe1 f5 17. exf6 gxf6 18. Qd4 b6 19. Bxg6 1-0

[Event "Druga liga Srbije grupa Vojvod"]
[Site "Sombor"]
[Date "2009.10.01"]
[Round "7.4"]
[White "Kotrla, Stefan"]
[Black "Klasan, Vladimir"]
[Result "0-1"]
[WhiteElo "1923"]
[BlackElo "2320"]
[PlyCount "52"]
[EventDate "2009.09.27"]

1. c4 Nf6 2. Nf3 c5 3. g3 d5 4. cxd5 Nxd5 5. Bg2 Nc6 6. O-O e5 7. Nc3 Nc7 8. d3
Be7 9. Be3 O-O 10. Rc1 b6 11. Nxe5 Nxe5 12. Bxa8 Nxa8 13. Qc2 Nc7 14. Bf4 Nc6
15. Bxc7 Qxc7 16. Nd5 Qe5 17. Nxe7+ Qxe7 18. Kg2 Nd4 19. Qd2 Nxe2 20. Rce1 Qb7+
21. f3 Nd4 22. Re3 Be6 23. a3 h6 24. Qf2 Bd5 25. Kg1 Qd7 26. b4 Re8 0-1

[Event "Druga liga Srbije grupa Vojvod"]
[Site "Sombor"]
[Date "2009.10.01"]
[Round "7.5"]
[White "Mozetic, Dejan"]
[Black "Somborski, Nebojsa"]
[Result "1/2-1/2"]
[WhiteElo "2421"]
[BlackElo "2379"]
[PlyCount "91"]
[EventDate "2009.09.27"]

1. c4 e6 2. Nf3 d5 3. e3 Nf6 4. b3 c5 5. Bb2 Nc6 6. cxd5 exd5 7. Be2 Bd6 8. O-O
O-O 9. d4 Bg4 10. dxc5 Bxc5 11. Nc3 Rc8 12. Rc1 Be7 13. Nd4 Bxe2 14. Ncxe2 Ne4
15. Nf4 Bf6 16. Nh5 Bxd4 17. Bxd4 f6 18. Nf4 Qd7 19. Bb2 Rfd8 20. Qe2 Qf7 21.
Rfd1 g5 22. Nd3 Re8 23. Qf3 Rcd8 24. h3 h6 25. Nc5 Nxc5 26. Rxc5 Ne5 27. Qf5 b6
28. Rc2 Qe6 29. Qxe6+ Rxe6 30. Rcd2 Rc6 31. Rxd5 Rxd5 32. Rxd5 Kf7 33. Rd2 Ke6
34. f3 h5 35. Kf2 b5 36. g3 a5 37. f4 Nf7 38. e4 f5 39. exf5+ Kxf5 40. Kf3 g4+
41. hxg4+ hxg4+ 42. Ke3 Re6+ 43. Kf2 Rc6 44. Bg7 a4 45. bxa4 bxa4 46. Bb2
1/2-1/2

[Event "Druga liga Srbije grupa Vojvod"]
[Site "Sombor"]
[Date "2009.10.01"]
[Round "7.5"]
[White "Bodiroga, Predrag"]
[Black "Miranovic, Rajko"]
[Result "1-0"]
[WhiteElo "2410"]
[BlackElo "2385"]
[PlyCount "137"]
[EventDate "2009.09.27"]

1. d4 d5 2. c4 e6 3. Nc3 Be7 4. Nf3 Nf6 5. Bf4 O-O 6. e3 c5 7. dxc5 Bxc5 8. a3
Nc6 9. Qc2 Qa5 10. Rd1 Be7 11. Be2 Ne4 12. cxd5 Nxc3 13. Qxc3 Qxc3+ 14. bxc3
exd5 15. Rxd5 Bxa3 16. Nd4 Nxd4 17. exd4 b6 18. Kd2 a6 19. Ra1 Be6 20. Re5 Bd6
21. Re4 Bxf4+ 22. Rxf4 b5 23. Bf3 Ra7 24. d5 Bc8 25. c4 bxc4 26. Ra5 Bd7 27.
Rxc4 Bb5 28. Rc5 Rd7 29. Ke3 Rfd8 30. Kd4 Kf8 31. Ra2 Re7 32. Rc1 g6 33. g4 h6
34. h4 Kg7 35. Be4 Red7 36. Rc5 Rd6 37. Rac2 Bd7 38. g5 hxg5 39. hxg5 Rb6 40.
Rc7 a5 41. Ra7 a4 42. f3 Be8 43. Rc5 Bd7 44. Rcc7 Be8 45. Ke5 Kf8 46. Rc5 Bb5
47. Rcc7 Be8 48. Ra5 Bd7 49. Rca7 Re8+ 50. Kd4 Ke7 51. Rxa4 Kd6 52. R4a6 Reb8
53. f4 Be8 54. Bd3 Bd7 55. Bc4 Be8 56. Ra8 Rxa8 57. Rxb6+ Kc7 58. Kc5 Ra5+ 59.
Bb5 Bxb5 60. Rxb5 Ra1 61. d6+ Kc8 62. Kc6 Rc1+ 63. Kd5 Re1 64. Ra5 Kd7 65. Ra7+
Ke8 66. Ra8+ Kd7 67. Rf8 Rd1+ 68. Ke5 Re1+ 69. Kf6 1-0

[Event "Druga liga Srbije grupa Vojvod"]
[Site "Sombor"]
[Date "2009.10.01"]
[Round "7.5"]
[White "Radonjanin, Vlastimir"]
[Black "Lalic, Dragan"]
[Result "1/2-1/2"]
[WhiteElo "2289"]
[BlackElo "2353"]
[PlyCount "51"]
[EventDate "2009.09.27"]

1. c4 Nf6 2. Nc3 c6 3. g3 d5 4. cxd5 cxd5 5. d4 Nc6 6. Nf3 Bf5 7. Bg2 h6 8. Ne5
e6 9. Nxc6 bxc6 10. O-O Be7 11. e4 Nxe4 12. Nxe4 Bxe4 13. Qa4 Qd7 14. Bxe4 dxe4
15. Be3 O-O 16. Rac1 Rfc8 17. Rc4 Rab8 18. b4 Qd5 19. Rfc1 Qb5 20. Qxa7 Bxb4
21. Qd7 Ba3 22. R1c3 Qb1+ 23. Kg2 Bb2 24. Rxc6 Rxc6 25. Rxc6 Qd1 26. Rc8+
1/2-1/2

[Event "Druga liga Srbije grupa Vojvod"]
[Site "Sombor"]
[Date "2009.10.01"]
[Round "7.5"]
[White "Damjanovic, Dragan"]
[Black "Stojanovic, Zoran"]
[Result "0-1"]
[WhiteElo "2255"]
[BlackElo "2266"]
[PlyCount "70"]
[EventDate "2009.09.27"]

1. d4 Nf6 2. c4 e6 3. Nc3 Bb4 4. Qc2 O-O 5. a3 Bxc3+ 6. Qxc3 Ne4 7. Qc2 f5 8.
e3 b6 9. Ne2 Bb7 10. f3 Nf6 11. Nc3 d6 12. Bd3 g6 13. O-O e5 14. d5 Nbd7 15. b4
a6 16. g3 Qe7 17. e4 f4 18. gxf4 exf4 19. Bxf4 Nxe4 20. Bh6 Nxc3 21. Qxc3 Rf7
22. f4 Qh4 23. Bg5 Qg4+ 24. Kh1 Raf8 25. Rae1 c6 26. Be4 cxd5 27. cxd5 Nf6 28.
Bf3 Bxd5 29. Bxd5 Nxd5 30. Qc4 Qf5 31. Bh6 Rc8 32. Qxa6 Nf6 33. Qxb6 Ng4 34.
Bg5 Qd5+ 35. Kg1 Qd2 0-1

[Event "Druga liga Srbije grupa Vojvod"]
[Site "Sombor"]
[Date "2009.10.01"]
[Round "7.5"]
[White "Jovic, Stevan"]
[Black "Vukic, Radivoj"]
[Result "1/2-1/2"]
[WhiteElo "2284"]
[BlackElo "2350"]
[PlyCount "132"]
[EventDate "2009.09.27"]

1. d4 Nf6 2. c4 c6 3. Nc3 d5 4. e3 a6 5. Be2 e6 6. Bd2 dxc4 7. Bxc4 b5 8. Be2
Bb7 9. Nf3 c5 10. O-O Nbd7 11. a3 Bd6 12. dxc5 Nxc5 13. Rc1 O-O 14. Na2 Qb6 15.
Ba5 Qxa5 16. Qxd6 Nfe4 17. Qe5 f6 18. Qh5 Qb6 19. Nd4 e5 20. b4 Na4 21. Nf5 g6
22. Qg4 Kh8 23. Ng3 Nxg3 24. hxg3 Rac8 25. Bf3 f5 26. Qg5 Bxf3 27. gxf3 Qe6 28.
Rxc8 Rxc8 29. Nc1 Kg7 30. e4 Qf6 31. Qe3 Qb6 32. Qd2 Qd8 33. Qe3 Rc3 34. Qa7+
Qc7 35. Qxc7+ Rxc7 36. Nd3 Kf6 37. exf5 gxf5 38. Re1 Rc3 39. Nxe5 Rxa3 40. Nd7+
Kf7 41. Re5 Rxf3 42. Nb8 Kf6 43. Rd5 Ke6 44. Rd4 Rc3 45. Nxa6 Rc6 46. Rh4 Kd5
47. Nb8 Rc7 48. Rh5 Ke4 49. Kg2 Nb2 50. f3+ Ke5 51. g4 Rf7 52. gxf5 Rxf5 53.
Nc6+ Kf6 54. Rxh7 Nd3 55. Rd7 Ne1+ 56. Kf2 Nxf3 57. Rd6+ Kf7 58. Ke3 Ne1 59.
Ke4 Rf6 60. Ne5+ Ke7 61. Rd7+ Ke8 62. Rd2 Rf1 63. Rd1 Nf3 64. Rxf1 Nd2+ 65. Kd3
Nxf1 66. Nc6 Kd7 1/2-1/2

[Event "Druga liga Srbije grupa Vojvod"]
[Site "Sombor"]
[Date "2009.10.01"]
[Round "7.6"]
[White "Velickovic, Sasa"]
[Black "Jesenski, Tibor"]
[Result "1/2-1/2"]
[WhiteElo "2420"]
[BlackElo "2289"]
[PlyCount "54"]
[EventDate "2009.09.27"]

1. e4 e5 2. Nf3 Nc6 3. Bb5 Nf6 4. Qe2 d6 5. c3 Bd7 6. O-O Be7 7. d4 O-O 8. Rd1
Qc8 9. d5 Nd8 10. c4 c6 11. Ba4 cxd5 12. Bxd7 Qxd7 13. cxd5 b5 14. a4 bxa4 15.
Nc3 Nb7 16. Rxa4 Rfc8 17. Ra3 a5 18. Nd2 Qc7 19. g3 Nc5 20. Kg2 Nfd7 21. h4 Qb7
22. f3 a4 23. Nf1 Nb3 24. Be3 Qb4 25. Ra2 Nd4 26. Qf2 Nb3 27. Nb1 Rc7 1/2-1/2

[Event "Druga liga Srbije grupa Vojvod"]
[Site "Sombor"]
[Date "2009.10.01"]
[Round "7.6"]
[White "Pavlik, Goran"]
[Black "Andrijevic, Milan"]
[Result "0-1"]
[WhiteElo "2202"]
[BlackElo "2377"]
[PlyCount "86"]
[EventDate "2009.09.27"]

1. e4 c5 2. Nf3 e6 3. d4 cxd4 4. Nxd4 Nc6 5. Nb5 d6 6. c4 Nf6 7. N1c3 a6 8. Na3
Be7 9. Be2 O-O 10. O-O b6 11. Be3 Ne5 12. Qb3 Rb8 13. f3 Qc7 14. Rac1 Ned7 15.
Rfd1 Bb7 16. Nab1 Rbc8 17. a3 Qb8 18. Qa2 Rfe8 19. Kh1 Bf8 20. Bf4 Nh5 21. Be3
Bc6 22. Bf2 g6 23. Nd2 Bh6 24. Rb1 Bg7 25. Rbc1 Nf4 26. Bf1 Nc5 27. Nb3 Na4 28.
Nd4 Nxc3 29. Rxc3 Ba8 30. Rcc1 g5 31. Be3 d5 32. cxd5 Rxc1 33. Rxc1 exd5 34.
Nf5 dxe4 35. Nxg7 Kxg7 36. fxe4 Rxe4 37. Qb3 Qe5 38. Bf2 b5 39. Rc5 Qf6 40. Qg3
h6 41. h4 Nh5 42. Qc3 Rf4 43. Kg1 Rxf2 0-1

[Event "Druga liga Srbije grupa Vojvod"]
[Site "Sombor"]
[Date "2009.10.01"]
[Round "7.6"]
[White "Popovic, Milos T"]
[Black "Tancik, Kristijan"]
[Result "1/2-1/2"]
[WhiteElo "2401"]
[BlackElo "2251"]
[PlyCount "25"]
[EventDate "2009.09.27"]

1. d4 d5 2. Bf4 Bg4 3. c4 dxc4 4. f3 Bh5 5. e4 e6 6. Bxc4 Bd6 7. Ne2 Bxf3 8.
gxf3 Bxf4 9. O-O Qh4 10. Nxf4 Qxf4 11. Qb3 Nd7 12. Nc3 Ne7 13. Ne2 1/2-1/2

[Event "Druga liga Srbije grupa Vojvod"]
[Site "Sombor"]
[Date "2009.10.01"]
[Round "7.6"]
[White "Pletl, Akos"]
[Black "Radlovacki, Jovan"]
[Result "1/2-1/2"]
[WhiteElo "2219"]
[BlackElo "2379"]
[PlyCount "126"]
[EventDate "2009.09.27"]

1. d4 Nf6 2. c4 c5 3. d5 e6 4. Nc3 exd5 5. cxd5 Bd6 6. g3 Bc7 7. Bg2 d6 8. e4
O-O 9. Nf3 Re8 10. O-O Ba5 11. Nd2 b6 12. Re1 Ba6 13. f4 Nbd7 14. Nb3 Bxc3 15.
bxc3 c4 16. Nd4 Nc5 17. Nc6 Qc7 18. e5 Nd3 19. Re2 Nd7 20. Ba3 N7c5 21. Bxc5
bxc5 22. exd6 Qxd6 23. Rxe8+ Rxe8 24. Qa4 Bb7 25. Qxc4 Bxc6 26. dxc6 Nb2 27.
Qb5 Nd1 28. Qf1 Nxc3 29. Re1 Re7 30. h3 h5 31. Rxe7 Qxe7 32. Qd3 Ne2+ 33. Kf2
Nd4 34. Qe4 Kf8 35. Qe5 Qxe5 36. fxe5 Ke7 37. Bd5 Ne6 38. Ke3 Nc7 39. Bc4 Na8
40. a4 a5 41. Ke4 Nb6 42. c7 Kd7 43. Bxf7 Kxc7 44. Bxh5 Nxa4 45. Kd5 Nc3+ 46.
Kc4 Ne4 47. g4 a4 48. Be8 a3 49. Kb3 Nd2+ 50. Kxa3 Nc4+ 51. Kb3 Nxe5 52. g5 Kd6
53. Kc3 Kd5 54. Ba4 Nf3 55. g6 Ne5 56. Bc2 Ke6 57. h4 Kf6 58. h5 Kg5 59. Bd1
Nd7 60. Kc4 Nf6 61. Kxc5 Nxh5 62. Kd4 Kxg6 63. Ke3 Kg5 1/2-1/2

[Event "Druga liga Srbije grupa Vojvod"]
[Site "Sombor"]
[Date "2009.10.01"]
[Round "7.6"]
[White "Kostic, Vladimir V"]
[Black "Guzsvany, Arpad"]
[Result "1/2-1/2"]
[WhiteElo "2296"]
[BlackElo "2130"]
[PlyCount "93"]
[EventDate "2009.09.27"]

1. c4 c6 2. g3 Nf6 3. Nf3 d5 4. b3 Bg4 5. Bg2 e6 6. Bb2 Nbd7 7. O-O Be7 8. d3
O-O 9. Nbd2 h6 10. Rc1 Re8 11. Rc2 Bd6 12. Qc1 e5 13. cxd5 cxd5 14. e4 dxe4 15.
Nxe4 Nxe4 16. dxe4 Rc8 17. h3 Be6 18. Rd1 Rxc2 19. Qxc2 Qb6 20. Nd2 Bc5 21. Nb1
Bf8 22. Bf1 Qc5 23. Qxc5 Bxc5 24. Na3 a6 25. Nc4 Bxc4 26. Bxc4 Nb6 27. Bd5 Re7
28. Rc1 Bd6 29. Rd1 Nxd5 30. Rxd5 Re6 31. Rd1 Kf8 32. Kf1 Ke8 33. Ke2 Be7 34.
Rd5 f6 35. Rd3 Rc6 36. Rc3 Rxc3 37. Bxc3 Bd6 38. Kf3 Kf7 39. Kg4 g6 40. Kf3 h5
41. g4 hxg4+ 42. Kxg4 Ke6 43. f3 Bc5 44. h4 Be3 45. h5 gxh5+ 46. Kxh5 Kf7 47.
Kg4 1/2-1/2

[Event "Druga liga Srbije grupa Vojvod"]
[Site "Sombor"]
[Date "2009.10.01"]
[Round "7.6"]
[White "Cabarkapa, Novak"]
[Black "Orlov, Konstantin"]
[Result "1-0"]
[WhiteElo "2033"]
[BlackElo "2267"]
[PlyCount "103"]
[EventDate "2009.09.27"]

1. e4 c5 2. Nf3 d6 3. c3 Nf6 4. h3 Nc6 5. Bd3 g6 6. O-O Bg7 7. Re1 O-O 8. Bf1
e5 9. d4 Qc7 10. dxc5 dxc5 11. Qc2 b6 12. Be3 Bb7 13. Nbd2 Rac8 14. Red1 Rfd8
15. Ne1 h6 16. f3 Qe7 17. Nc4 b5 18. Na3 a6 19. Qf2 Bf8 20. Nd3 Nd7 21. Kh1 c4
22. Ne1 Nc5 23. Rd5 Rxd5 24. exd5 Nb8 25. Rd1 Qd6 26. Qh4 Kh7 27. Bxc4 bxc4 28.
Nxc4 Qd8 29. Qxd8 Rxd8 30. d6 Nbd7 31. b4 Na4 32. Na5 Ba8 33. c4 Nb8 34. c5 Nc6
35. Nc4 Nxb4 36. Nxe5 Nc6 37. Nxc6 Bxc6 38. Nd3 Bb5 39. Ne5 f6 40. Ng4 Bg7 41.
Bd4 f5 42. Nf6+ Bxf6 43. Bxf6 Rd7 44. Bd4 Kg8 45. Re1 Kf7 46. Kh2 Bc6 47. Kg3
Rb7 48. Kf4 Nb2 49. Bxb2 Rxb2 50. Re7+ Kf6 51. Rc7 Bb5 52. d7 1-0